000 00542nam a2200193Ia 4500
003 OSt
005 20221007082801.0
006 a|||||r|||| 00| 0
007 ta
008 221006b |||||||| |||| 00| 0 eng d
024 _a22,648
037 _cDissertations
040 _aFLL
_cFLL
_beng
041 _2eng
_aeng
100 _aBasar Topi
_9544684
245 0 _aRelationship between fundamental rights and directive principles in the context of new economic policy
942 _cDIS
_2CC
999 _c1167731
_d1167731